|
|
|
|
| LEADER |
00000cam a2200000 7i4500 |
| 001 |
0000001145 |
| 005 |
20140111.0 |
| 020 |
0 |
0 |
|a 9839979124
|
| 090 |
0 |
0 |
|a 332.632709595
|b CHE 1994
|
| 100 |
1 |
0 |
|a CHEONG
|h Sally
|
| 245 |
1 |
0 |
|a Investing in unit trusts in Malaysia
|c Sally Cheong
|
| 260 |
0 |
0 |
|a Petaling Jaya, Selangor :
|b Corporate Reasearch Services ,
|c 1994
|
| 300 |
|
|
|a 243 p. :
|b ill. ;
|c 23 cm.
|
| 650 |
0 |
0 |
|a Financial institutions
|z Malaysia
|x Investments
|
| 650 |
0 |
0 |
|a Investments
|z Malaysia
|
| 650 |
0 |
0 |
|a Mutual funds
|z Malaysia
|
| 998 |
|
|
|a JPSM
|
| 999 |
|
|
|a 0000002130
|b Monograph
|c Open Shelf
|e Default branch
|